[Event "Titled Tuesday intern op 16th Apr Early"]
[Site "Chess.com INT"]
[Date "2024.04.16"]
[Round "10"]
[White "Ramu, K."]
[Black "Sai, Han Thiha"]
[Result "0-1"]
[WhiteElo "2197"]
[BlackElo "2123"]
[PlyCount "70"]
[EventDate "2024.04.16"]
[EventType "swiss (blitz)"]
[EventRounds "11"]
[EventCountry "USA"]
[SourceTitle "CB17_2024"]
[SourceDate "2024.04.24"]
[SourceVersion "1"]
[SourceVersionDate "2024.04.24"]
[SourceQuality "1"]

1. e4 c6 2. d4 d5 3. e5 c5 4. Nf3 cxd4 5. Nxd4 Nc6 6. Bb5 Bd7 7. Bxc6 bxc6 8. 0-0 e6 9. f4 c5 10. Nf3 Nh6 11. Nc3 Bc6 12. Bd2 d4 13. Ne2 Nf5 14. Ng3 Nxg3 15. hxg3 h5 16. f5 exf5 17. Ng5 Be7 18. Rxf5 Qd5 19. Qf1 g6 20. Nxf7 Rf8 21. Nd6+ Bxd6 22. Rxf8+ Bxf8 23. Qf2 0-0-0 24. Re1 Be7 25. Qe2 Rf8 26. Qa6+ Bb7 27. Qe2 c4 28. Bf4 g5 29. Bd2 d3 30. cxd3 cxd3 31. Qe4 Qxe4 32. Rxe4 Bxe4 33. Kh2 Rf2 34. Be3 Rxg2+ 35. Kh3 g4# 0-1

[Event "Titled Tuesday intern op 16th Apr Early"]
[Site "Chess.com INT"]
[Date "2024.04.16"]
[Round "11"]
[White "Sai, Han Thiha"]
[Black "Tarnowska, Aleksandra"]
[Result "0-1"]
[WhiteElo "2123"]
[BlackElo "1876"]
[PlyCount "60"]
[EventDate "2024.04.16"]
[EventType "swiss (blitz)"]
[EventRounds "11"]
[EventCountry "USA"]
[SourceTitle "CB17_2024"]
[SourceDate "2024.04.24"]
[SourceVersion "1"]
[SourceVersionDate "2024.04.24"]
[SourceQuality "1"]

1. Nf3 d5 2. g3 Nd7 3. Bg2 e5 4. 0-0 Ngf6 5. d4 Bd6 6. Bg5 e4 7. Nfd2 h6 8. Bxf6 Nxf6 9. e3 0-0 10. c4 c6 11. Nc3 Re8 12. cxd5 cxd5 13. Qb3 Be6 14. Rfc1 Qd7 15. Qb5 Qe7 16. Na4 a6 17. Qb6 Rab8 18. Nc5 Rec8 19. Nxe6 fxe6 20. Bh3 g5 21. Nb3 g4 22. Bf1 h5 23. Na5 Bc7 24. Rxc7 Rxc7 25. Bxa6 Rbc8 26. Bf1 h4 27. gxh4 Nh5 28. a4 Qf7 29. Ra3 Rc2 30. Rb3 Qxf2+ 0-1

[Event "Titled Tuesday intern op 19th Dec Early"]
[Site "Chess.com INT"]
[Date "2023.12.19"]
[Round "5"]
[White "Sai, Han Thiha"]
[Black "Kuchava, Ana"]
[Result "1-0"]
[WhiteElo "2123"]
[BlackElo "2101"]
[PlyCount "49"]
[EventDate "2023.12.19"]
[EventType "swiss (blitz)"]
[EventRounds "11"]
[EventCountry "USA"]
[SourceTitle "CB52_2023"]
[SourceDate "2023.12.27"]
[SourceVersion "1"]
[SourceVersionDate "2023.12.27"]
[SourceQuality "1"]

1. Nf3 d5 2. g3 c5 3. Bg2 Nf6 4. 0-0 Nc6 5. d4 cxd4 6. Nxd4 e6 7. c4 Be7 8. Nc3 0-0 9. Bf4 h6 10. cxd5 exd5 11. Qd3 Be6 12. Nxe6 fxe6 13. Rad1 Qb6 14. Bc1 Ng4 15. e3 Nge5 16. Qe2 Rae8 17. b3 Bf6 18. Bb2 a6 19. Kh1 Nf7 20. f4 Nd6 21. e4 dxe4 22. Rxd6 Qb4 23. Nxe4 Bxb2 24. Qxb2 Nd4 25. Rxd4 1-0

[Event "Titled Tuesday intern op 05th Sep Early"]
[Site "Chess.com INT"]
[Date "2023.09.05"]
[Round "5"]
[White "Dimitrov, Atanas Valtchev"]
[Black "Sai, Han Thiha"]
[Result "1-0"]
[WhiteElo "2269"]
[BlackElo "2122"]
[PlyCount "143"]
[EventDate "2023.09.05"]
[EventType "swiss (blitz)"]
[EventRounds "11"]
[EventCountry "USA"]
[SourceTitle "EXT 2024"]
[Source "ChessBase"]
[SourceDate "2023.10.10"]
[SourceVersion "1"]
[SourceVersionDate "2023.10.10"]
[SourceQuality "1"]

1. Nf3 Nf6 2. c4 g6 3. g3 Bg7 4. Bg2 0-0 5. 0-0 d6 6. Nc3 e5 7. b3 Re8 8. Bb2 c6 9. d3 d5 10. cxd5 cxd5 11. Rc1 Nc6 12. e3 Bf5 13. a3 Qd7 14. b4 a6 15. Na4 Rad8 16. Nc5 Qc8 17. d4 e4 18. Ne5 Rd6 19. Qa4 Nd7 20. Nexd7 Bxd7 21. Qb3 Be6 22. a4 Qb8 23. Ba3 Rdd8 24. Qc3 Ne7 25. b5 axb5 26. axb5 Bc8 27. Na4 Nf5 28. Nb6 Be6 29. Qc7 Bf8 30. Bxf8 Kxf8 31. Rc3 Qa7 32. Qc5+ Kg8 33. Ra3 Qb8 34. Rfa1 Qd6 35. Qxd6 Nxd6 36. Na4 Nxb5 37. Rb3 Nd6 38. Rb6 Re7 39. Nc5 Nc4 40. Rxb7 Rxb7 41. Nxb7 Rb8 42. Nc5 Nd2 43. h4 Rb1+ 44. Rxb1 Nxb1 45. Kf1 Nc3 46. Ke1 Kf8 47. Bf1 Na2 48. Kd2 Nb4 49. Bb5 Ke7 50. Kc3 Na2+ 51. Kb2 Nb4 52. Kb3 Nd3 53. Bxd3 exd3 54. Nxe6 Kxe6 55. Kc3 Kf5 56. f3 h5 57. Kxd3 g5 58. e4+ dxe4+ 59. fxe4+ Kg4 60. d5 Kxg3 61. d6 gxh4 62. d7 h3 63. d8Q h2 64. Qg5+ Kf2 65. Qxh5 Kg2 66. Qg4+ Kf2 67. Qf4+ Kg2 68. Qg4+ Kf2 69. Qh3 Kg1 70. Qg3+ Kh1 71. Qf2 f5 72. Qf1# 1-0

[Event "Titled Tuesday intern op 05th Sep Early"]
[Site "Chess.com INT"]
[Date "2023.09.05"]
[Round "9"]
[White "Fernandez, Maria Florencia"]
[Black "Sai, Han Thiha"]
[Result "0-1"]
[WhiteElo "2099"]
[BlackElo "2122"]
[PlyCount "112"]
[EventDate "2023.09.05"]
[EventType "swiss (blitz)"]
[EventRounds "11"]
[EventCountry "USA"]
[SourceTitle "EXT 2024"]
[Source "ChessBase"]
[SourceDate "2023.10.10"]
[SourceVersion "1"]
[SourceVersionDate "2023.10.10"]
[SourceQuality "1"]

1. d4 Nf6 2. c4 e6 3. Nc3 Bb4 4. a3 Bxc3+ 5. bxc3 0-0 6. f3 d5 7. e3 c5 8. cxd5 exd5 9. Bd3 b6 10. Ne2 Ba6 11. 0-0 Bxd3 12. Qxd3 Re8 13. Re1 Nc6 14. Ng3 h5 15. Bb2 h4 16. Nh1 h3 17. g4 Rc8 18. Nf2 Qd7 19. Rad1 Na5 20. e4 dxe4 21. Nxe4 Nxe4 22. Rxe4 Rxe4 23. Qxe4 Qb5 24. Bc1 Re8 25. Qc2 Re2 26. Qf5 Rg2+ 27. Kh1 Qe8 28. Qe4 Qxe4 29. fxe4 Rxg4 30. e5 Nc4 31. a4 Rg2 32. Bf4 g5 33. Bg3 Re2 34. Kg1 Nb2 35. Rf1 Nxa4 36. d5 Nxc3 37. d6 Rd2 38. Rf5 Ne4 39. Kf1 Nxg3+ 40. Ke1 Ne4 41. Rxg5+ Nxg5 42. Kxd2 Ne6 43. Ke3 a5 44. Ke4 a4 45. Kd3 b5 46. Ke4 a3 47. Kd5 a2 48. Kc6 a1Q 49. Kxb5 Qd4 50. Kc6 c4 51. Kd7 c3 52. Ke7 c2 53. Kf6 c1Q 54. Ke7 Qg5+ 55. Ke8 Qa4+ 56. d7 Qd8# 0-1

[Event "Titled Tuesday intern op 05th Sep Early"]
[Site "Chess.com INT"]
[Date "2023.09.05"]
[Round "4"]
[White "Sai, Han Thiha"]
[Black "Belozerov, Andrei"]
[Result "1-0"]
[WhiteElo "2122"]
[BlackElo "2411"]
[PlyCount "171"]
[EventDate "2023.09.05"]
[EventType "swiss (blitz)"]
[EventRounds "11"]
[EventCountry "USA"]
[SourceTitle "EXT 2024"]
[Source "ChessBase"]
[SourceDate "2023.10.10"]
[SourceVersion "1"]
[SourceVersionDate "2023.10.10"]
[SourceQuality "1"]

1. Nf3 Nf6 2. g3 g6 3. b3 Bg7 4. Bb2 0-0 5. Bg2 d6 6. d4 c5 7. d5 b5 8. a4 b4 9. Nfd2 Bb7 10. e4 e6 11. dxe6 fxe6 12. 0-0 Nc6 13. Nc4 Nd4 14. Nbd2 d5 15. exd5 exd5 16. Ne3 Qd7 17. Nf3 Nxf3+ 18. Bxf3 d4 19. Bxb7 Qxb7 20. Nc4 Ne4 21. f3 Ng5 22. Kg2 Qd7 23. g4 Rae8 24. Bc1 Ne6 25. Qd3 Nc7 26. Bd2 Nd5 27. Rae1 Bf6 28. Re4 Rxe4 29. fxe4 Qxg4+ 30. Kh1 Nc3 31. Bxc3 bxc3 32. Qf3 Qe6 33. Qe2 Bg7 34. Rxf8+ Bxf8 35. Qf3 Bg7 36. e5 h5 37. Kg2 Kh7 38. Qe4 a6 39. Qf4 Kg8 40. Qe4 g5 41. h3 Kh8 42. Qf3 g4 43. hxg4 hxg4 44. Qe4 Kg8 45. Kg3 Qh6 46. Qd5+ Kh8 47. Qa8+ Kh7 48. Qe4+ Kg8 49. Qd5+ Kh8 50. Qa8+ Bf8 51. Kxg4 Qg6+ 52. Kf4 Kg8 53. Qd5+ Kh7 54. Qe4 Bh6+ 55. Kf3 d3 56. Na3 d2 57. Qxg6+ Kxg6 58. Ke2 Kf5 59. Nb1 Kxe5 60. Nxc3 Kd4 61. Nb1 c4 62. c3+ Ke4 63. bxc4 Bg7 64. Nxd2+ Ke5 65. Kd3 Kd6 66. Ne4+ Kc6 67. c5 Bf8 68. Kc4 Be7 69. Nd6 Bxd6 70. cxd6 Kxd6 71. Kd4 Kc6 72. c4 Kd6 73. c5+ Kc6 74. Kc4 Kc7 75. Kd5 Kd7 76. c6+ Kc7 77. Kc5 a5 78. Kb5 Kc8 79. Kxa5 Kc7 80. Kb5 Kb8 81. Kb6 Ka8 82. a5 Kb8 83. c7+ Kc8 84. a6 Kd7 85. Kb7 Kd6 86. c8Q 1-0

[Event "Speed Chess Q2 Sw"]
[Site "Chess.com INT"]
[Date "2023.08.23"]
[Round "11"]
[White "Sai, Han Thiha"]
[Black "Prohorov, Olexandr"]
[Result "0-1"]
[WhiteElo "2122"]
[BlackElo "2086"]
[PlyCount "54"]
[EventDate "2023.08.23"]
[EventType "swiss (blitz)"]
[EventRounds "14"]
[EventCountry "USA"]
[SourceTitle "CBM 215 Extra"]
[Source "ChessBase"]
[SourceDate "2023.09.30"]
[SourceVersion "1"]
[SourceVersionDate "2023.09.30"]
[SourceQuality "1"]

1. Nf3 Nf6 2. g3 c5 3. Bg2 b6 4. 0-0 Bb7 5. b3 Nc6 6. Bb2 g6 7. c4 Bg7 8. Re1 0-0 9. e4 d6 10. d4 cxd4 11. Nxd4 e6 12. Nc2 a6 13. Nc3 Rc8 14. a4 Qe7 15. Ne3 Rfd8 16. h3 h5 17. f4 Kh7 18. Ned5 Nxd5 19. Nxd5 exd5 20. exd5 Qf8 21. Bxg7 Qxg7 22. dxc6 Bxc6 23. Re7 Bxg2 24. Kxg2 h4 25. Qd5 Qb2+ 26. Kf3 Qxb3+ 27. Kg4 Qxg3# 0-1

[Event "Titled Tuesday intern op 22nd Aug Early"]
[Site "Chess.com INT"]
[Date "2023.08.22"]
[Round "10"]
[White "Feliz Dotel, Dewar Bienvenido"]
[Black "Sai, Han Thiha"]
[Result "0-1"]
[WhiteElo "1984"]
[BlackElo "2122"]
[PlyCount "42"]
[EventDate "2023.08.22"]
[EventType "swiss (blitz)"]
[EventRounds "11"]
[EventCountry "USA"]
[SourceTitle "EXT 2024"]
[Source "ChessBase"]
[SourceDate "2023.10.10"]
[SourceVersion "1"]
[SourceVersionDate "2023.10.10"]
[SourceQuality "1"]

1. d4 Nf6 2. e3 e6 3. Nf3 b6 4. Bd3 Bb7 5. b3 c5 6. Bb2 cxd4 7. exd4 d5 8. 0-0 Bd6 9. c4 0-0 10. Nbd2 Nc6 11. a3 Ne7 12. b4 dxc4 13. Nxc4 Ng6 14. Nxd6 Qxd6 15. Re1 Rac8 16. Qe2 Nf4 17. Qe3 Ng4 18. Qd2 Nxd3 19. Qxd3 Bxf3 20. Qxf3 Qxh2+ 21. Kf1 Rc2 0-1

[Event "Titled Tuesday intern op 22nd Aug Early"]
[Site "Chess.com INT"]
[Date "2023.08.22"]
[Round "7"]
[White "Sai, Han Thiha"]
[Black "Albertini, Luca"]
[Result "1-0"]
[WhiteElo "2122"]
[BlackElo "2103"]
[PlyCount "59"]
[EventDate "2023.08.22"]
[EventType "swiss (blitz)"]
[EventRounds "11"]
[EventCountry "USA"]
[SourceTitle "EXT 2024"]
[Source "ChessBase"]
[SourceDate "2023.10.10"]
[SourceVersion "1"]
[SourceVersionDate "2023.10.10"]
[SourceQuality "1"]

1. Nf3 d5 2. g3 Nf6 3. Bg2 c5 4. 0-0 Nc6 5. d4 Bf5 6. c4 dxc4 7. Qa4 cxd4 8. Ne5 Rc8 9. Nxc6 bxc6 10. Qxc4 Qd7 11. Bg5 e5 12. Bxf6 gxf6 13. Nd2 Be7 14. Rac1 0-0 15. Bxc6 Qd8 16. Qa4 Qb6 17. Bd7 Rxc1 18. Rxc1 Qxb2 19. Nb3 Bc2 20. Qc4 Bg6 21. Na5 Rd8 22. Ba4 Bf8 23. Nc6 Ra8 24. Bb3 Kg7 25. f4 Qd2 26. fxe5 Qe3+ 27. Kf1 fxe5 28. Rd1 Bf5 29. Qxf7+ Kh8 30. Qg8# 1-0

[Event "Titled Tuesday intern op 22nd Aug Early"]
[Site "Chess.com INT"]
[Date "2023.08.22"]
[Round "4"]
[White "Sai, Han Thiha"]
[Black "Cagara, Paulina"]
[Result "1-0"]
[WhiteElo "2122"]
[BlackElo "2085"]
[PlyCount "53"]
[EventDate "2023.08.22"]
[EventType "swiss (blitz)"]
[EventRounds "11"]
[EventCountry "USA"]
[SourceTitle "EXT 2024"]
[Source "ChessBase"]
[SourceDate "2023.10.10"]
[SourceVersion "1"]
[SourceVersionDate "2023.10.10"]
[SourceQuality "1"]

1. Nf3 f5 2. d3 Nf6 3. e4 fxe4 4. dxe4 d6 5. e5 Ng4 6. Bc4 Nc6 7. e6 Nf6 8. Nc3 g6 9. Ng5 Ne5 10. Nf7 Nxf7 11. exf7+ Kd7 12. Qe2 e5 13. f4 Qe7 14. fxe5 Qxe5 15. Be3 Kd8 16. 0-0-0 Bg4 17. Qf2 Bxd1 18. Bd4 Qg5+ 19. Kxd1 Bg7 20. h4 Qf5 21. Rf1 Ke7 22. Bxf6+ Bxf6 23. Nd5+ Kxf7 24. Nxf6+ Kxf6 25. Qd4+ Ke7 26. Rxf5 gxf5 27. Qg7+ 1-0

[Event "Titled Tuesday intern op 22nd Aug Early"]
[Site "Chess.com INT"]
[Date "2023.08.22"]
[Round "9"]
[White "Sai, Han Thiha"]
[Black "Mihailidis, Anastasios"]
[Result "0-1"]
[WhiteElo "2122"]
[BlackElo "2202"]
[PlyCount "102"]
[EventDate "2023.08.22"]
[EventType "swiss (blitz)"]
[EventRounds "11"]
[EventCountry "USA"]
[SourceTitle "EXT 2024"]
[Source "ChessBase"]
[SourceDate "2023.10.10"]
[SourceVersion "1"]
[SourceVersionDate "2023.10.10"]
[SourceQuality "1"]

1. Nf3 d5 2. g3 Nf6 3. Bg2 e6 4. 0-0 Be7 5. d3 0-0 6. Nbd2 c5 7. e4 Nc6 8. Re1 b5 9. e5 Nd7 10. Nf1 f6 11. exf6 Nxf6 12. c4 bxc4 13. dxc4 Ne4 14. Ne3 Nf6 15. Ng5 h6 16. cxd5 exd5 17. Nxd5 hxg5 18. Nxe7+ Nxe7 19. Qxd8 Rxd8 20. Bxa8 Nf5 21. Bxg5 Nd4 22. Rad1 Bg4 23. f3 Rxa8 24. fxg4 Nf3+ 25. Kf2 Nxg5 26. Re5 Nxg4+ 27. Ke2 Nxe5 28. Rd5 Re8 29. h4 Ngf7 30. b3 Nc6+ 31. Kd2 Rd8 32. Rxd8+ Ncxd8 33. Kd3 Nh6 34. Kc4 Ne6 35. Kd5 Kf7 36. a3 Nf5 37. h5 Nxg3 38. b4 cxb4 39. axb4 Nxh5 40. Kc6 g5 41. Kb7 g4 42. Kxa7 g3 43. b5 g2 44. b6 g1Q 45. Ka8 Qa1+ 46. Kb7 Qb2 47. Ka7 Nc5 48. Ka8 Ke7 49. Ka7 Kd7 50. Ka8 Kc8 51. Ka7 Qa3# 0-1

[Event "Speed Chess Q1 Sw"]
[Site "Chess.com INT"]
[Date "2023.08.21"]
[Round "8"]
[White "Eynullayev, Altay Elshan"]
[Black "Sai, Han Thiha"]
[Result "1-0"]
[WhiteElo "2214"]
[BlackElo "2122"]
[PlyCount "95"]
[EventDate "2023.08.21"]
[EventType "k.o. (blitz)"]
[EventRounds "14"]
[EventCountry "USA"]
[SourceTitle "CBM 215 Extra"]
[Source "ChessBase"]
[SourceDate "2023.09.30"]
[SourceVersion "1"]
[SourceVersionDate "2023.09.30"]
[SourceQuality "1"]

1. d4 Nf6 2. Bf4 e6 3. e3 c5 4. Nf3 cxd4 5. exd4 b6 6. Bd3 Bb7 7. Nbd2 d6 8. h3 Be7 9. 0-0 0-0 10. Re1 Nbd7 11. Qe2 Nd5 12. Bh2 Nb4 13. c3 Nxd3 14. Qxd3 Nf6 15. Nf1 a6 16. Rad1 b5 17. Bf4 Qb6 18. Ng3 Rac8 19. a3 a5 20. Ng5 h6 21. N5e4 Nxe4 22. Nxe4 b4 23. axb4 axb4 24. Re3 Qc6 25. f3 Qd5 26. Nd2 Qa2 27. c4 d5 28. b3 Ba6 29. Rc1 Rfd8 30. Ree1 dxc4 31. bxc4 Qa3 32. Nb3 Qb2 33. Be3 Bf6 34. Rc2 Qa3 35. Ra1 Rb8 36. Rxa3 bxa3 37. Ra2 Rb4 38. Rxa3 Bxc4 39. Qc3 Rdb8 40. Nc5 Rb1+ 41. Kh2 Bd5 42. Ne4 Be7 43. Ra7 R1b3 44. Qc7 Re8 45. Bf4 g5 46. Bd6 Bd8 47. Qxf7+ Kh8 48. Qh7# 1-0

[Event "Titled Tuesday intern op 04th Jul Late"]
[Site "Chess.com INT"]
[Date "2023.07.04"]
[Round "1"]
[White "Sai, Han Thiha"]
[Black "Bortnyk, Olexandr"]
[Result "0-1"]
[WhiteElo "2070"]
[BlackElo "2607"]
[PlyCount "110"]
[EventDate "2023.07.04"]
[EventType "swiss (blitz)"]
[EventRounds "11"]
[EventCountry "USA"]
[SourceTitle "EXT 2024"]
[Source "ChessBase"]
[SourceDate "2023.10.10"]
[SourceVersion "1"]
[SourceVersionDate "2023.10.10"]
[SourceQuality "1"]

1. d4 Nf6 2. Nf3 b6 3. c4 Bb7 4. g3 g6 5. Bg2 Bg7 6. 0-0 0-0 7. Re1 Na6 8. d5 Nc5 9. Qc2 c6 10. e4 cxd5 11. exd5 Rc8 12. Nc3 e6 13. dxe6 dxe6 14. Be3 Qd3 15. Qxd3 Nxd3 16. Reb1 Rxc4 17. Bf1 Bxf3 18. Bxd3 Rc7 19. Bf4 Rd7 20. Bb5 Rdd8 21. a4 Ne4 22. Nxe4 Bxe4 23. Re1 Bb7 24. Be5 Bxe5 25. Rxe5 Rd2 26. Rb1 Rc8 27. Re2 Rcc2 28. Kf1 Rxe2 29. Bxe2 Be4 30. Rd1 Rxb2 31. f3 Bd5 32. Rc1 Ra2 33. Bc4 Bxc4+ 34. Rxc4 Rxh2 35. Rc7 a5 36. Rb7 Rb2 37. f4 h5 38. Kg1 Kg7 39. Kf1 Kf6 40. Kg1 Rb4 41. Kg2 Rxa4 42. Rxb6 Ra2+ 43. Kf3 Ra1 44. Rb5 a4 45. Ra5 a3 46. Kf2 a2 47. Kg2 Kg7 48. Ra7 Kh6 49. Ra5 f6 50. Ra6 e5 51. fxe5 fxe5 52. Ra8 e4 53. Ra3 e3 54. Ra8 e2 55. Kf2 e1Q+ 0-1

[Event "Thailand op"]
[Site "Chiangmai"]
[Date "2023.07.02"]
[Round "7"]
[White "Siddharth, Jagadeesh"]
[Black "Sai, Han Thiha"]
[Result "1-0"]
[WhiteElo "2397"]
[BlackElo "2070"]
[PlyCount "97"]
[EventDate "2023.06.28"]
[EventType "swiss"]
[EventRounds "9"]
[EventCountry "THA"]
[SourceTitle "CBM 215 Extra"]
[Source "ChessBase"]
[SourceDate "2023.09.30"]
[SourceVersion "1"]
[SourceVersionDate "2023.09.30"]
[SourceQuality "1"]

1. e4 c6 2. d4 d5 3. e5 c5 4. Nf3 cxd4 5. Qxd4 Nc6 6. Qf4 e6 7. Bd3 Nb4 8. Bd2 Nxd3+ 9. cxd3 Ne7 10. Nc3 h6 11. a4 a6 12. h4 Bd7 13. h5 Nc6 14. Ne2 Qb6 15. 0-0 Bb4 16. Be3 d4 17. Nfxd4 Nxd4 18. Nxd4 Bc5 19. Qg4 Bxd4 20. Bxd4 Qb4 21. Rfc1 0-0 22. Rc4 Qd2 23. Bc3 Qg5 24. Qxg5 hxg5 25. Rg4 f6 26. f4 Kh7 27. exf6 gxf6 28. fxg5 fxg5 29. Re1 Rf4 30. Rxg5 Rg8 31. Rxg8 Kxg8 32. Re3 Rg4 33. Kf2 Rh4 34. Rg3+ Kf8 35. h6 Bxa4 36. Rg6 Bb3 37. g3 Rh2+ 38. Kg1 Rh3 39. Kg2 Rh5 40. g4 Bd5+ 41. Kg3 Rh1 42. Kf4 b5 43. Kg5 Rh3 44. Rg7 e5 45. Bb4+ Ke8 46. h7 a5 47. Bc5 e4 48. dxe4 Bxe4 49. Rg8+ 1-0

[Event "Thailand op"]
[Site "Chiangmai"]
[Date "2023.06.30"]
[Round "4"]
[White "Sai, Han Thiha"]
[Black "Enkhtuul, Altanulzii"]
[Result "1/2-1/2"]
[WhiteElo "2070"]
[BlackElo "2262"]
[PlyCount "100"]
[EventDate "2023.06.28"]
[EventType "swiss"]
[EventRounds "9"]
[EventCountry "THA"]
[SourceTitle "CBM 215 Extra"]
[Source "ChessBase"]
[SourceDate "2023.09.30"]
[SourceVersion "1"]
[SourceVersionDate "2023.09.30"]
[SourceQuality "1"]

1. Nf3 Nf6 2. b3 g6 3. Bb2 Bg7 4. d4 0-0 5. e3 c5 6. dxc5 Na6 7. Bd4 Qc7 8. Bxa6 bxa6 9. 0-0 Bb7 10. Nbd2 Rfe8 11. Nc4 Ng4 12. g3 e5 13. Bb2 Qxc5 14. Nd6 Bxf3 15. Qxf3 Qxd6 16. Qxg4 Qc6 17. c4 h5 18. Qh4 a5 19. Rfd1 a4 20. Qh3 d6 21. Qg2 Qb6 22. Rab1 axb3 23. axb3 Qxb3 24. Bxe5 Qxc4 25. Bxg7 Kxg7 26. Rxd6 Rad8 27. Qc6 Qa2 28. Rb7 Rxd6 29. Qxd6 a5 30. Kg2 Qc2 31. Qd5 Qe4+ 32. Qxe4 Rxe4 33. Ra7 Ra4 34. f4 Ra1 35. Kf3 a4 36. Ke4 a3 37. Ke5 Ra2 38. Ke4 Rxh2 39. Rxa3 Rh3 40. Kf3 h4 41. Kg4 Rxg3+ 42. Kxh4 Rg1 43. Kh3 Kh6 44. Kh2 Rg4 45. Ra7 Kg7 46. Kh3 Rg1 47. Kh2 Re1 48. Ra3 Kf6 49. Kg3 Kf5 50. Ra5+ Kf6 1/2-1/2

[Event "Thailand op"]
[Site "Chiangmai"]
[Date "2023.06.29"]
[Round "3"]
[White "Zhao, Shengxin"]
[Black "Sai, Han Thiha"]
[Result "0-1"]
[WhiteElo "2156"]
[BlackElo "2070"]
[PlyCount "82"]
[EventDate "2023.06.28"]
[EventType "swiss"]
[EventRounds "9"]
[EventCountry "THA"]
[SourceTitle "CBM 215 Extra"]
[Source "ChessBase"]
[SourceDate "2023.09.30"]
[SourceVersion "1"]
[SourceVersionDate "2023.09.30"]
[SourceQuality "1"]

1. d4 Nf6 2. c4 g6 3. Nc3 Bg7 4. g3 0-0 5. Bg2 d6 6. Nf3 c6 7. 0-0 Qa5 8. h3 Be6 9. Qd3 Qa6 10. b3 d5 11. Ne5 dxc4 12. Nxc4 Rd8 13. e3 Nbd7 14. Nb2 Qa3 15. Qc2 Nd5 16. Nd3 Qa5 17. Bd2 Nxc3 18. Bxc3 Qb6 19. Nf4 Nf8 20. Nxe6 Nxe6 21. h4 h5 22. Rad1 Nc7 23. Bb2 a5 24. Ba3 Rd7 25. Bc5 Qa6 26. a4 Re8 27. Rfe1 Qa8 28. f4 e6 29. e4 Qd8 30. f5 Bxd4+ 31. Bxd4 Rxd4 32. fxg6 fxg6 33. e5 Kg7 34. Be4 Rf8 35. Bxg6 Rf3 36. Kh2 Rxh4+ 37. Kg2 Rxg3+ 38. Kxg3 Qg5+ 39. Kf3 Rh3+ 40. Kf2 Qg3+ 41. Ke2 Qg2# 0-1

[Event "Titled Tuesday intern op 27th Jun Early"]
[Site "Chess.com INT"]
[Date "2023.06.27"]
[Round "5"]
[White "Sai, Han Thiha"]
[Black "Blokhin, Sofia"]
[Result "1-0"]
[WhiteElo "2070"]
[BlackElo "2062"]
[PlyCount "115"]
[EventDate "2023.06.27"]
[EventType "swiss (blitz)"]
[EventRounds "11"]
[EventCountry "USA"]
[SourceTitle "EXT 2024"]
[Source "ChessBase"]
[SourceDate "2023.10.10"]
[SourceVersion "1"]
[SourceVersionDate "2023.10.10"]
[SourceQuality "1"]

1. d4 g6 2. e4 Bg7 3. c4 d6 4. Nc3 Nf6 5. Nf3 0-0 6. Be2 e5 7. Be3 Nbd7 8. d5 a5 9. Nd2 Nc5 10. g4 b6 11. h4 h6 12. h5 g5 13. f3 Na6 14. Nf1 Bd7 15. Ng3 Nh7 16. Nf5 Bxf5 17. exf5 Nc5 18. Ne4 Nxe4 19. fxe4 Nf6 20. Bf3 Qd7 21. Kf2 b5 22. c5 dxc5 23. Bxc5 Rfd8 24. Rc1 Ne8 25. Be3 Nd6 26. Rc6 Nc4 27. Bc1 Qxc6 28. dxc6 Rxd1 29. Rxd1 Nd6 30. Be3 Ra6 31. Rc1 Nc4 32. b3 Nxe3 33. Kxe3 Bf8 34. Be2 Rb6 35. Rc2 Bd6 36. Bd3 Kf8 37. f6 Ke8 38. Kf2 Rb8 39. Ke3 a4 40. Rb2 a3 41. Rc2 b4 42. Bc4 Kf8 43. Rd2 Re8 44. Rd5 Re6 45. Rb5 Rxf6 46. Rb8+ Kg7 47. Rd8 Bc5+ 48. Kd3 Rxc6 49. Bd5 Rd6 50. Rc8 Bb6 51. Kc4 Rf6 52. Re8 c5 53. Re7 Rf4 54. Rb7 Rf6 55. Kb5 Bd8 56. Kxc5 Rf4 57. Kxb4 Rxg4 58. Rxf7+ 1-0

[Event "Titled Tuesday intern op 27th Jun Early"]
[Site "Chess.com INT"]
[Date "2023.06.27"]
[Round "6"]
[White "Wang, Alexander J"]
[Black "Sai, Han Thiha"]
[Result "0-1"]
[WhiteElo "1821"]
[BlackElo "2070"]
[PlyCount "70"]
[EventDate "2023.06.27"]
[EventType "swiss (blitz)"]
[EventRounds "11"]
[EventCountry "USA"]
[SourceTitle "EXT 2024"]
[Source "ChessBase"]
[SourceDate "2023.10.10"]
[SourceVersion "1"]
[SourceVersionDate "2023.10.10"]
[SourceQuality "1"]

1. e4 c6 2. d4 d5 3. f3 dxe4 4. fxe4 e5 5. Nf3 Bg4 6. Bc4 Nd7 7. c3 b5 8. Bb3 Ngf6 9. 0-0 Bd6 10. Bg5 Qc7 11. h3 Bh5 12. Nbd2 0-0 13. a4 a6 14. axb5 axb5 15. Qe2 Rfe8 16. Rxa8 Rxa8 17. g4 Bg6 18. Nh4 Re8 19. Nxg6 hxg6 20. Bxf6 gxf6 21. g5 exd4 22. gxf6 Nc5 23. Ba2 dxc3 24. Qg4 Ne6 25. bxc3 Qa7+ 26. Kh1 Qxa2 27. Nf3 Nf8 28. Qh4 Qe2 29. Rf2 Qxe4 30. Qh6 Ne6 31. Kg2 Bf8 32. Qd2 Nf4+ 33. Kg3 Bh6 34. Qd7 Qe6 35. Qxe6 Rxe6 0-1

[Event "Titled Tuesday intern op 20th Jun Early"]
[Site "Chess.com INT"]
[Date "2023.06.20"]
[Round "10"]
[White "Rosh, Jain"]
[Black "Sai, Han Thiha"]
[Result "0-1"]
[WhiteElo "2248"]
[BlackElo "2070"]
[PlyCount "82"]
[EventDate "2023.06.20"]
[EventType "swiss (blitz)"]
[EventRounds "11"]
[EventCountry "USA"]
[SourceTitle "EXT 2024"]
[Source "ChessBase"]
[SourceDate "2023.10.10"]
[SourceVersion "1"]
[SourceVersionDate "2023.10.10"]
[SourceQuality "1"]

1. e4 c6 2. Nc3 d5 3. Nf3 Bg4 4. h3 Bxf3 5. Qxf3 e6 6. Be2 Nf6 7. 0-0 Be7 8. Rd1 d4 9. Nb1 0-0 10. d3 e5 11. Qg3 Nfd7 12. f4 Bh4 13. Qg4 h6 14. f5 Bg5 15. Nd2 Be3+ 16. Kh1 Qg5 17. Qf3 Qf4 18. Qxf4 exf4 19. Nf3 c5 20. b4 b6 21. bxc5 bxc5 22. Rb1 Nc6 23. Rb7 Rfd8 24. Ba3 a5 25. Rdb1 Nb4 26. Bxb4 axb4 27. Ra1 f6 28. Kh2 Ra3 29. g3 Ne5 30. Nxe5 fxe5 31. Re7 fxg3+ 32. Kxg3 Rda8 33. Rxe5 Rxa2 34. Rxa2 Rxa2 35. Rxc5 b3 36. Rc8+ Kh7 37. Bh5 g5 38. f6 Rxc2 39. Rb8 Bf4+ 40. Kf3 Bxb8 41. f7 Kg7 0-1

[Event "Titled Tuesday intern op 20th Jun Early"]
[Site "Chess.com INT"]
[Date "2023.06.20"]
[Round "5"]
[White "Sai, Han Thiha"]
[Black "Adla, Diego Gustavo"]
[Result "0-1"]
[WhiteElo "2070"]
[BlackElo "2383"]
[PlyCount "32"]
[EventDate "2023.06.20"]
[EventType "swiss (blitz)"]
[EventRounds "11"]
[EventCountry "USA"]
[SourceTitle "EXT 2024"]
[Source "ChessBase"]
[SourceDate "2023.10.10"]
[SourceVersion "1"]
[SourceVersionDate "2023.10.10"]
[SourceQuality "1"]

1. d4 Nf6 2. c4 e6 3. Nf3 d5 4. Nc3 Bb4 5. Qa4+ Nc6 6. cxd5 exd5 7. Bg5 0-0 8. e3 h6 9. Bxf6 Qxf6 10. Be2 Bd6 11. Nxd5 Qg6 12. 0-0 Bd7 13. Qd1 Rad8 14. Bd3 Qh5 15. Be4 Rfe8 16. Nd2 Qxh2# 0-1